00593nam a2200181Ia 4500008004100000041001200041082001600053100001600069245003700085260004800122300000800170650000700178700001600185700001800201942000700219999001500226952017000241221030s9999 xx 000 0 und d aEnglish a105.23bDub aG. K. Dubey 0aThyriostorised Power Controllers bNew Age Interantional Pub.aNew Delhic1996 a825 aEE aA. J. Sinha aS. R. Darodla cBK c1496d1496 pBE 273g170.00l0o105.23 Dubr2024-06-13 00:00:00w2022-10-30yBK003Print4070aMIETLIBbMIETLIBcBL-Academic Block A, FL-1, CUP-34, SH-1, R-1d1998-12-2410HBE